000 00274nam a2200109Ia 4500
008 200302s9999 xx 000 0 und d
100 _aGustav Metzger
245 _aHans Ulrich Obrist
260 _bVerlag der Buchhandlung Water Konig Koln
260 _c2008
300 _a144 P.,
999 _c2671
_d2671